| 000 | 02220nam a2200361 i 4500 | ||
|---|---|---|---|
| 001 | 000020899 | ||
| 003 | DO-SdBNP | ||
| 005 | 20251120073732.0 | ||
| 007 | ta | ||
| 008 | 091013s1973 dr 001 0 spa d | ||
| 040 |
_aDO-SdBNP _bspa _cDO-SdBNP _erda |
||
| 041 | _hspa | ||
| 082 |
_aRD860.409 _bI37d 1973 _222 |
||
| 100 | 1 |
_aIncháustegui Cabral, Héctor, _d1912-1979 _eautor _921024 |
|
| 245 | 1 | 0 |
_aDe literatura dominicana siglo veinte / _cHéctor Inchaustegui Cabral. |
| 250 | _asegunda edición | ||
| 264 |
_aSantiago de los Caballeros, República Dominicana : _bUCMM, _c1973. |
||
| 300 |
_a413 páginas ; _c21 cm. |
||
| 336 |
_ardacontent _btexto _2txt |
||
| 337 |
_ardamedia _bsin mediación _2n |
||
| 338 |
_ardacarrier _bvolumen _2nc |
||
| 490 | 1 | _aContemporáneos | |
| 500 | _aIncluye índice de nombres. | ||
| 505 | 1 |
_tPrólogo -- _tLas ciegas esperanzas -- _tEl tiempo, la muerte y la poesía -- _tLa puerta abierta -- Los árboles y el bosque -- _tLa esfinge de sal - _tEl pez rojo -- _tLa mancha en el lavado -- _tLa araña sobre la tela rota -- _tCartas a Sergio -- _tEnsayos sobre temas diversos -- _tLa angustia de la patria en Deligne -- _tLa ciudad como novela -- _tVida y novela -- _tPoesía y poetas -- _tCafé derramado en la camisa -- _tUna carta a Joaquín -- _tLa raya en el corazón -- _tLos analfabetismos fundamentales -- _tRosa, Rosa, dame un gancho -- _tEl dominicano en peligro de asfixia moral -- _tLos poetas más allá de las trincheras o la política y la poesía-- _tNovela e indagación social -- _tLos enemigos de la tierra, de Requena -- _tLa Mañosa, de Bosch -- _tOver, de Marrero -- _gEpílogos -- _tCon perdón, el sexo -- _tLas ediciones -- _tCrónica del Sur -- _tEntre dos antes y un después -- _tEl otro lado del cañamazo -- _tGuía de escritores dominicanos mencionados. _tÍndice de nombres. |
|
| 590 | _aInventariado, 2018 /LP | ||
| 650 | 7 |
_aLiteratura dominicana _xHistoria y crítica _ySIGLO XX _922986 _2Lemb |
|
| 650 | 7 |
_aAutores dominicanos _xHistoria y crítica _ySIGLO XX _923591 _2Lemb |
|
| 710 | 2 |
_aPontificia Universidad Católica Madre y Maestra _9843 |
|
| 830 | 0 |
_aContemporáneos _96941 |
|
| 910 | _aValidado. Control de calidad BNPHU | ||
| 942 |
_2ddc _cLBS1 |
||
| 956 | _aVMateo | ||
| 999 |
_c20402 _d20402 |
||